Faculty of Law Library — Cairo University

Official Online Catalog

مصادر الإجراءات الإدارية : (Record no. 55931)

MARC details
000 -LEADER
fixed length control field 01291nam a2200313 i 4500
003 - CONTROL NUMBER IDENTIFIER
control field EG-GICUC
005 - DATE AND TIME OF LATEST TRANSACTION
control field 20260208152043.0
008 - FIXED-LENGTH DATA ELEMENTS--GENERAL INFORMATION
fixed length control field 260110s1994 ua ||||f |||| 00| 0 ara d
040 ## - CATALOGING SOURCE
Original cataloging agency EG-GICUC
Language of cataloging ara
Transcribing agency EG-GICUC
Modifying agency EG-GICUC
Description conventions rda
041 ## - LANGUAGE CODE
Language code of text/sound track or separate title ara
082 04 - DEWEY DECIMAL CLASSIFICATION NUMBER
Edition number 21
Classification number 345.82212
Item number ع ب . م
092 04 - LOCALLY ASSIGNED DEWEY CALL NUMBER (OCLC)
Edition number 21
099 ## - LOCAL FREE-TEXT CALL NUMBER (OCLC)
Classification number Law1 07 345.82212 ع ب . م 1994
100 0# - MAIN ENTRY--PERSONAL NAME
Personal name عبد العظيم عبد السلام عبد الحميد
Relator term مؤلف.
245 10 - TITLE STATEMENT
Title مصادر الإجراءات الإدارية :
Remainder of title دراسة مقارنة /
Statement of responsibility, etc. دكتور عبد العظيم عبد السلام عبد الحميد .
264 #3 - PRODUCTION, PUBLICATION, DISTRIBUTION, MANUFACTURE, AND COPYRIGHT NOTICE
Place of production, publication, distribution, manufacture قويسنا :
Name of producer, publisher, distributor, manufacturer مطبعة حمادة للكمبيوتر وطباعة الاوفست ،
Date of production, publication, distribution, manufacture, or copyright notice 1994 .
300 ## - PHYSICAL DESCRIPTION
Extent 273 ؛ صفحة
Dimensions 24 سم
336 ## - CONTENT TYPE
Source rda content
Content type term text
337 ## - MEDIA TYPE
Source rda media
Media type term Computer
338 ## - CARRIER TYPE
Source rda carrier
Carrier type term Online Resource
504 ## - BIBLIOGRAPHY, ETC. NOTE
Bibliography, etc. note . 273-268 ببليوجرافيا: صفحات.
504 ## - BIBLIOGRAPHY, ETC. NOTE
Bibliography, etc. note يشتمل على إرجاعات ببليوجرافية
650 14 - SUBJECT ADDED ENTRY--TOPICAL TERM
Topical term or geographic name entry element الوسائل في القضائية للمنازعات الإدارية
Source of heading or term qrmak
650 14 - SUBJECT ADDED ENTRY--TOPICAL TERM
Topical term or geographic name entry element القانون الإداري
651 1# - SUBJECT ADDED ENTRY--GEOGRAPHIC NAME
Source of heading or term qrmak
856 40 - ELECTRONIC LOCATION AND ACCESS
Uniform Resource Identifier <a href="https://fll.law.cu.edu.eg/fulltext/bks/B07-03121.pdf">https://fll.law.cu.edu.eg/fulltext/bks/B07-03121.pdf</a>
905 ## - Cataloger and Reviser Names
Cataloger Name: Yasmin Essam
Revisor Name: Yara
942 ## - ADDED ENTRY ELEMENTS (KOHA)
Source of classification or shelving scheme Dewey Decimal Classification
Koha item type Books
Edition 21
Suppress in OPAC No
Holdings
Withdrawn status Lost status Source of classification or shelving scheme Damaged status Not for loan Collection Home library Current library Date acquired Total checkouts Full call number Barcode Date last seen Copy number Price effective from Koha item type
    Dewey Decimal Classification   Not for loan القانون الإداري جــــامعة القــاهرة مكتبة كلية الحقوق - المبنى الرئيسي 10.01.2026   Law1 07 345.82212 ع ب . م 1994 0703121 C1 B07-03121 10.01.2026 1 10.01.2026 Books
    Dewey Decimal Classification     القانون الإداري جــــامعة القــاهرة مكتبة كلية الحقوق - المبنى الرئيسي 10.01.2026   Law1 07 345.82212 ع ب . م 1994 0703122 C2 B07-03122 10.01.2026 2 10.01.2026 Books
    Dewey Decimal Classification     القانون الإداري جــــامعة القــاهرة مكتبة كلية الحقوق - فـرع الشيخ زايد 10.01.2026   Law2 07 345.82212 ع ب . م 1994 0703200 C3 B07-03200 10.01.2026 3 10.01.2026 Books

© All rights reserved — Faculty of Law, Cairo University

Implemented and Customized by: Eng. M. Mohamady